000 00794nam a2200265 4500
001 7830
003 BD-RjUL
005 20211208234501.0
008 140116r19561952maua 001 0 eng
035 _a(OCoLC)ocm02181888
035 _a(BD-RjUL)7874
040 _aDLC
_cROB
_dZCU
_dBD-RjUL
_beng
041 _aeng
082 0 0 _a511.8
_216
_bTAM 1956
099 _a480
_aT114
100 1 _aTabor, Osborne B.
_924421
245 1 0 _aMathematics of finance /
_cOsborne B. Tabor
260 _aCambridge ;
_aMass. :
_bAddison-Wesley Press,
_cc1952 [printing 1956].
300 _a305, 157 p. :
_billus. ;
_c24 cm.
500 _aFirst ed. published under title: Business mathematics.
504 _aIncludes index.
650 0 _aBusiness mathematics.
_924422
942 _2ddc
_cBK
999 _c7830
_d7830